[Event "4NCL Division 2b"]
[Site "De Vere, Staverton Park ENG"]
[Date "2013.01.13"]
[Round "4.86"]
[White "Walton, Alan J"]
[Black "Kendall, Paul SN"]
[Result "1/2-1/2"]
[WhiteElo "2153"]
[BlackElo "2050"]
[PlyCount "89"]
[EventDate "2013.01.13"]
[WhiteTeam "3Cs 1"]
[BlackTeam "North East England"]

1. d4 Nf6 2. Bg5 c5 3. d5 Qb6 4. Nc3 d6 5. Rb1 Nbd7 6. e4 h6 7. Be3 Qa5 8. f3
a6 9. a4 g6 10. Nh3 Bg7 11. Qd2 Ne5 12. Nf2 Bd7 13. Be2 b5 14. axb5 axb5 15.
O-O b4 16. Ra1 Qxa1 17. Rxa1 Rxa1+ 18. Ncd1 h5 19. h3 Bc8 20. Kh2 O-O 21. Bh6
Ba6 22. Bxg7 Kxg7 23. f4 Ned7 24. Bf3 Rb8 25. Qe3 Nb6 26. b3 Ra2 27. Qd2 Nbd7
28. Nd3 Bxd3 29. Qxd3 Rb6 30. Ne3 Rba6 31. Nc4 Nb6 32. Ne3 Nbd7 33. c3 R6a3 34.
Bd1 bxc3 35. Qxc3 Kh7 36. Bc2 Nb6 37. f5 Nfd7 38. fxg6+ fxg6 39. Qe1 Ne5 40.
Qh4 Ra7 41. Bd1 c4 42. bxc4 Rd2 43. c5 Nbc4 44. Nxc4 Nxc4 45. Bxh5 1/2-1/2

[Event "4NCL Division 2b"]
[Site "De Vere, Staverton Park ENG"]
[Date "2013.01.13"]
[Round "4.87"]
[White "Reynolds, Mark A"]
[Black "Horton, Jamie A"]
[Result "1/2-1/2"]
[WhiteElo "1903"]
[BlackElo "2009"]
[PlyCount "49"]
[EventDate "2013.01.13"]
[WhiteTeam "North East England"]
[BlackTeam "3Cs 1"]

1. d4 Nf6 2. Nf3 e6 3. Bg5 c5 4. c3 b6 5. e3 Bb7 6. Nbd2 Be7 7. Bd3 d5 8. Ne5
O-O 9. Qf3 Nbd7 10. Qh3 g6 11. Qh4 Re8 12. Bb5 Rc8 13. Bxd7 Nxd7 14. Nxf7 Bxg5
15. Nxg5 Qe7 16. O-O e5 17. dxe5 Nxe5 18. f4 Nd7 19. Rfe1 Qg7 20. Ngf3 Re7 21.
Qf2 Rce8 22. Nf1 Bc6 23. Ng3 Qf6 24. Rad1 b5 25. Rc1 1/2-1/2